00998 2200313 4500001002100000005001500021035002000036007000300056008004100059020002200100082001600122084001800138100003500156245009700191250003100288300005100319650003800370700003100408700003400439504002900473264003400502336002100536337003000557338002300587040002200610850001200632990002000644990002000664INLIS00000000087497820221026122550 a0010-1022000421ta221026s2022 jbia g | ind d a978-602-213-090-104223a745.513 a745.513 SAF r0 aSafristiani FaizatiePengarang10aRagam topi rajut unik /cSafristiani Faizati, Juliani Oktavia; penyunting, Septi Rinasusanti aCetakan: I - Jakarta, 2022 aiv, 130 halaman :bilustrasi berwarna ;c23 cm 4aKerajinan tangan--xRajut merajut0 aJuliani OktaviaePengarang0 aSepti RinasusantiePenyunting aBibliografi: halaman 12931aDepok :bKriya Pustaka,c2022 2rdacontentateks 2rdamediaatanpa perantara 2rdacarrieravolume aYOPDYOGbinderda aYOPDYOG a70026-PD/A.2022 a70027-PD/A.2022